00573nam a22001817a 4500003000400000008004100004020001800045082001700063100002300080245015200103260004600255300001000301650001800311650001200329650001300341650001300354700002400367OSt251007b |||||||| |||| 00| 0 eng d a9789355405296 a591.35bP19A aPanigrahi, Manjit. aAnimal Genetics and Breeding : 25 years of mains solved papers to crack agricultural research service / cby Manjit Panigrahi and Supriya Chhotaray a.- Ludhianab: Kalyani Publishersc, 2023 a240p. aPure Sciences aAnimals aGenetics aBreeding aChhotaray, Supriya.